000 02329cam a22004214i 4500
003 PE-LiUPU
005 20250731183420.0
008 150625s r 000 0 d
020 _a8420638781
035 _a(Sirsi) i9788420638782
040 _aPE-LiUPU
_bspa
_cPE-LiUPU
_erda
049 _aPRUA
082 0 4 _a792.0283
_bS78
_221
100 1 _aStanislavski, Constantin,
_d1863-1938,
_eautor.
245 1 3 _aLa construcción del personaje /
_cConstantin Stanislavski ; [traductor, Bernardo Fernández].
264 1 _aMadrid :
_bAlianza Editorial,
_c1999.
300 _a363 páginas ;
_c18 centímetros
336 _atext
_2rdacontent
337 _aunmediated
_2rdamedia
338 _avolume
_2rdacarrier
490 0 _aEl libro de bolsillo. Cine y comunicación ;
_v7007
505 0 _aHacia una caracterización física. -El vestuario del personaje. -Personajes y tipos. -La consecución de la expresividad corporal. -Plasticidad del movimiento. -Contención y control. -Dicción y canto. -Entonaciones y pausas. -Acentuación: la palabra expresiva. -La perspectiva en la construcción del personaje. -El tempo-ritmo del lenguaje. -El atractivo escénico. -Hacia una ética teatral. -Pautas de superación. -Algunas conclusiones sobre la interpretación. .
526 _aP158
526 _aP146
526 _aP17
526 _aP12
526 _aP06
541 _g001-0101313;
541 _g001-01112215;
650 0 4 _aArte dramático.
942 _2ddc
_cBOOK
949 _a792.0283 S78
_wDEWEY
_c1
_i59064
_lCCODEBUL1
_mBUL
_r0
_sY
_tBOOK
_u2015-6-25
_xEDUCACION
_PP20
_0COMPRA
_o.STAFF. Colección General
949 _a792.0283 S78
_wDEWEY
_c2
_i57034
_lCCODEBUL1
_mBUL
_p17.00
_r0
_sY
_tBOOK
_u2015-6-25
_xEDUCACION
_PP07
_0COMPRA
_o.STAFF. Colección General
994 _aC0
_bPEPRU
596 _a1
999 _a792.0283 S78
_wDEWEY
_c46155
_i59064
_d46155
_e2019-10-1
_f2021-11-9
_g5
_lCCODEBUL1
_mBUL
_n3
_q1
_r0
_sY
_tBOOK
_u2015-6-25
_xEDUCACION
_PP20
_0COMPRA
_o.STAFF. Colección General
999 _a792.0283 S78
_wDEWEY
_c2
_i57034
_d2019-9-5
_e2019-8-26
_f2021-11-9
_g5
_lCCODEBUL1
_mBUL
_n6
_p17.00
_q2
_r0
_sY
_tBOOK
_u2015-6-25
_xEDUCACION
_PP07
_0COMPRA
_o.STAFF. Colección General
980 _81
_gALBERTO SANCHEZ Responsable de Automatización